Theologia moralis brevi, claraque methodo comprehensa atque juxta sacros canones et novissima decreta summorum pontificum...

Detalles Bibliográficos
Autor principal: REFFENSTUEL, Anacleto
Formato: Libro
Publicado: Amberes 1753
Edición:9a. ed.
Materias:
Colección:Banco de datos
Acervo:Biblioteca del Convento de San Pablo. Yuririahupándaro. Guanajuato
Descripción Física:t. I
Tema general:Teología
Notas:Mala. Encuadernado con el t. II. 2C6, 7.
LEADER 00789nam a22002170004500
035 |a 36691 
036 |a 2332 
100 1 |a REFFENSTUEL, Anacleto 
245 1 0 |a Theologia moralis brevi, claraque methodo comprehensa atque juxta sacros canones et novissima decreta summorum pontificum... 
250 |a 9a. ed. 
260 |a Amberes  |b Marco Miguel Bousquet imp.  |c 1753 
300 |a t. I 
500 |a Mala. Encuadernado con el t. II. 2C6, 7. 
650 1 0 |a Teología 
949 |a CRG-CY 
959 |a Ex convento de San Pablo, Museo Regional de Yuririahpúndaro, Guanajuato  |b CCC9 
960 |a Convento San Pablo Yuririahpúndaro, Guanajuato  |b DD86 
961 |a Agustina  |b OA 
942 |c CRG-CY 
943 |g Biblioteca del Convento de San Pablo. Yuririahupándaro. Guanajuato 
999 |c 957357  |d 957357